<?xml version="1.0" encoding="UTF-8"?><?xml-stylesheet type="text/xsl" href="static/style.xsl"?><OAI-PMH xmlns="http://www.openarchives.org/OAI/2.0/" xmlns:xsi="http://www.w3.org/2001/XMLSchema-instance" xsi:schemaLocation="http://www.openarchives.org/OAI/2.0/ http://www.openarchives.org/OAI/2.0/OAI-PMH.xsd"><responseDate>2026-04-17T20:57:20Z</responseDate><request verb="GetRecord" identifier="oai:riubu.ubu.es:10259/6714" metadataPrefix="marc">https://riubu.ubu.es/oai/request</request><GetRecord><record><header><identifier>oai:riubu.ubu.es:10259/6714</identifier><datestamp>2024-07-16T10:25:35Z</datestamp><setSpec>com_10259_9391</setSpec><setSpec>com_10259_5087</setSpec><setSpec>com_10259_2728</setSpec><setSpec>col_10259_9392</setSpec></header><metadata><record xmlns="http://www.loc.gov/MARC21/slim" xmlns:doc="http://www.lyncode.com/xoai" xmlns:xsi="http://www.w3.org/2001/XMLSchema-instance" xmlns:dcterms="http://purl.org/dc/terms/" xsi:schemaLocation="http://www.loc.gov/MARC21/slim http://www.loc.gov/standards/marcxml/schema/MARC21slim.xsd">
<leader>00925njm 22002777a 4500</leader>
<datafield tag="042" ind1=" " ind2=" ">
<subfield code="a">dc</subfield>
</datafield>
<datafield tag="720" ind1=" " ind2=" ">
<subfield code="a">Albendea de la Hera, Luis</subfield>
<subfield code="e">author</subfield>
</datafield>
<datafield tag="520" ind1=" " ind2=" ">
<subfield code="a">El objetivo de este trabajo de fin de grado es realizar un estudio de los factores determinantes en la estructura de capital de las medianas y grandes empresas del sector auxiliar de la automoción empleando métodos de análisis descriptivos, correlativos y de regresión compuesto por una muestra de 274 empresas (2324 observaciones). Mediante la creación de un modelo explicativo, se ha concluido que el grupo de variables empleado es capaz de explicar en un elevado grado las variaciones de la deuda total con las siguientes relaciones que se sitúan en línea con la teoría del pecking order: Tangibilidad (- efecto sobre endeudamiento), Rentabilidad (-), Distribución de dividendos (-), Liquidez (-) y Madurez (-). Sin embargo, estas han tenido un bajo valor explicativo en relación con la deuda financiera debido a su mayor complejidad arrojando las siguientes relaciones: Tamaño (- efecto sobre deuda financiera), Tangibilidad (+), Rentabilidad (-) y Riesgo (-).</subfield>
</datafield>
<datafield tag="520" ind1=" " ind2=" ">
<subfield code="a">The aim of this study is to determinate relevant factors of capital structure for the medium and big companies in the auxiliar automotive industry throughout a descriptive, correlative, and regressive analysis regarding data collected in the 2010-2019 period composed by 274 firms and 2324 firm-year observations. By the development of an explanatory model, the core factors set traditionally used in investigation is found to predict in a high proportion the changes in the leverage of these firms with the following relations that fit in the pecking order theory: Tangibility (- effect over leverage), Profitability (-), Dividend Distribution (-), Liquidity (-) and Maturity (-). Nevertheless, this model is found to have a lower explanatory power over financial debt due to its higher level of complexity with the following relations: Size (- effect over financial debt), Tangibility (+), Profitability (-) and Risk (-).</subfield>
</datafield>
<datafield tag="024" ind2=" " ind1="8">
<subfield code="a">http://hdl.handle.net/10259/6714</subfield>
</datafield>
<datafield ind1=" " ind2=" " tag="653">
<subfield code="a">Estructura de capital</subfield>
</datafield>
<datafield ind1=" " ind2=" " tag="653">
<subfield code="a">Sector auxiliar de automoción</subfield>
</datafield>
<datafield ind1=" " ind2=" " tag="653">
<subfield code="a">Mediana y grande empresa</subfield>
</datafield>
<datafield ind1=" " ind2=" " tag="653">
<subfield code="a">Teoría del Trade-off</subfield>
</datafield>
<datafield ind1=" " ind2=" " tag="653">
<subfield code="a">Teoría del Pecking order</subfield>
</datafield>
<datafield ind1=" " ind2=" " tag="653">
<subfield code="a">Capital structure</subfield>
</datafield>
<datafield ind1=" " ind2=" " tag="653">
<subfield code="a">Auxiliar automotive sector</subfield>
</datafield>
<datafield ind1=" " ind2=" " tag="653">
<subfield code="a">Medium and big companies</subfield>
</datafield>
<datafield ind1=" " ind2=" " tag="653">
<subfield code="a">Trade-off theory</subfield>
</datafield>
<datafield ind1=" " ind2=" " tag="653">
<subfield code="a">Pecking order theory</subfield>
</datafield>
<datafield tag="245" ind1="0" ind2="0">
<subfield code="a">Capital structure analysis over the spanish auxiliar automotive sector</subfield>
</datafield>
</record></metadata></record></GetRecord></OAI-PMH>